Nho giáo với Trung Quốc ngày nay /
Gespeichert in:
| 1. Verfasser: | |
|---|---|
| Weitere Verfasser: | , , |
| Format: | Sách giấy |
| Sprache: | Vietnamese |
| Veröffentlicht: |
H. :
Chính trị Quốc gia,
1996
|
| Tags: |
Tag hinzufügen
Keine Tags, Fügen Sie den ersten Tag hinzu!
|
| Thư viện lưu trữ: | Thư viện Trường Đại học Đà Lạt |
|---|
| LEADER | 00755nam a2200277 4500 | ||
|---|---|---|---|
| 001 | DLU020019742 | ||
| 005 | ##3/11/2002 | ||
| 020 | # | # | |a 978- |
| 041 | # | # | |a vie |
| 082 | # | # | |a 181.11 |b VI-T |
| 100 | # | # | |a Vi Chính Thông |
| 245 | # | # | |a Nho giáo với Trung Quốc ngày nay / |c Vi Chính Thông; Nguyễn Huy Quý, Nguyễn Kim Sơn, Trần Lê Sáng dịch |
| 260 | # | # | |a H. : |b Chính trị Quốc gia, |c 1996 |
| 300 | # | # | |a 468 tr.; |c 20 cm. |
| 700 | # | # | |a Nguyễn Huy Quý |e dịch |
| 700 | # | # | |a Nguyễn Kim Sơn |e dịch |
| 700 | # | # | |a Trần Lê Sáng |e dịch |
| 992 | # | # | |a 32900 |
| 994 | # | # | |a DLU |
| 900 | # | # | |a False |
| 911 | # | # | |a Administrator |
| 925 | # | # | |a G |
| 926 | # | # | |a A |
| 927 | # | # | |a SH |
| 980 | # | # | |a Thư viện Trường Đại học Đà Lạt |